[Event "Norway Chess 3rd"]
[Site "Stavanger"]
[Date "2015.06.22"]
[Round "6"]
[White "Grischuk, Alexander"]
[Black "Topalov, Veselin"]
[Result "0-1"]
[WhiteElo "2781"]
[BlackElo "2798"]
[Annotator "Postny,E"]
[PlyCount "78"]
[EventDate "2015.06.16"]
[EventType "tourn"]
[EventRounds "9"]
[EventCountry "NOR"]
[EventCategory "22"]
[SourceTitle "CBM 167"]
[Source "ChessBase"]
[SourceDate "2015.07.13"]
[SourceVersion "1"]
[SourceVersionDate "2015.07.13"]
[SourceQuality "1"]

1. d4 Nf6 2. c4 e6 3. Nc3 Bb4 4. f3 c5 5. d5 O-O 6. e4 d6 7. Nge2 {In CBM 161
I did a survey of this variation. The current game adds to my conclusion that
Black is doing fine in this line.} b5 {The most aggressive.} 8. Nf4 {This move
strengthens White's centre, but the knight on f4 might be misplaced in some
cases.} (8. Ng3 {is another option.}) 8... exd5 {Topalov deviates from his own
game, where he also achieved a good position.} (8... a6 9. Bd2 exd5 10. cxd5
Ba5 11. Be2 Nbd7 12. O-O Ne5 13. Kh1 c4 14. b3 b4 15. Na4 c3 16. Be3 Bc7 $15 {
[%csl Gb4,Gc3] 0-1 (41) Timofeev,A (2631)-Topalov,V (2751) Eilat 2012}) (8...
e5 {has appeared in practice as well with good results for White. Closing the
centre gives White some time to regroup his pieces.}) 9. cxd5 (9. Nfxd5 Nxd5
10. Qxd5 Qb6 11. Bf4 Be6 $1 {has never appeared so far, but might be an
improvement that Topalov had in mind.} (11... Rd8 $2 12. Bg5 $1 Re8 13. Rd1 $16
{1-0 (19) Khairullin,I (2602)-Karthikeyan,P (1983) Vlissingen 2009}) (11...
bxc4 $6 12. Bxc4 Nc6 13. O-O Be6 14. Qd3 $14 {1/2-1/2 (40) Volkov,S (2636)
-Maletin,P (2545) Novokuznetsk 2008}) 12. Qxd6 (12. Qxa8 $6 Nc6 13. Qxf8+ Kxf8
$15) 12... Qa5 13. Kf2 Rd8 14. Qc7 Rd2+ 15. Kg3 Qxc7 16. Bxc7 Bxc3 17. bxc3
bxc4 $13) 9... a6 {We have here a Benoni type structure with, somewhat
unusually, Black's bishop on b4 and a slight lag in development for White.
It's important for Black that he has already managed to expand his play on the
queenside.} (9... c4 $6 10. a4 Nbd7 11. axb5 Ne5 12. Be3 $14 {0-1 (34) Moranda,
W (2533)-Dziuba,M (2556) Lublin 2008}) 10. Be2 (10. a4 {is worth checking.
Black should reply with} Ba5 $1 {tactically protecting the Pb5.} 11. Be3 (11.
axb5 axb5 {[%cal Ga5c3]} 12. Bd2 Qb6 $132) 11... c4 12. axb5 axb5 13. b4 $1
cxb3 (13... Bxb4 $6 14. Rxa8 Bxc3+ 15. Kf2 $14) 14. Qxb3 Ba6 $13) 10... Nbd7
11. O-O c4 $146 {More flexible than the previously played 11...Ne5. It's not
clear yet, where Black's knight should go.} (11... Ne5 12. Kh1 (12. a4 $5)
12... Bd7 13. Nd3 Nxd3 14. Qxd3 $13 {1/2-1/2 (30) Richter,M (2470)-Babula,V 
(2583) Pardubice 2013}) 12. Be3 $6 {This allows the exchange of dark-squared
bishops, which, to my mind, White should avoid, at least at this stage of the
game.} (12. Kh1 {looks more in the spirit of the position.} Bc5 $1 (12... Ne5
13. a3 Bc5 14. b4 Bb6 15. g4 h6 16. Ng2 a5 17. Bf4 {This is the kind of
position that White should strive for in this line - to stabilise the
queenside and try to create chances on the kingside.}) 13. g4 Ne5 14. Ng2 h6
15. a3 {trying to push b2-b4 even in a slightly inferior version.}) 12... Bc5
13. Bxc5 Nxc5 14. b4 (14. Qd4 g5 $1 15. b4 cxb3 16. Nd3 Nfd7 $15) 14... cxb3
15. axb3 b4 16. Nb5 $2 {This is, actually, a blunder. It would be good for
White, if the knight reached the d4 square, but not in this game...} (16. Na4
Nxa4 17. Rxa4 Qb6+ 18. Kh1 a5 19. Nd3 Ba6 20. Nb2 Rfc8 21. Bxa6 Qxa6 $15 22.
Nc4 $2 Rxc4 $1 23. bxc4 Nd7 $17 {[%cal Gd7c5]}) (16. Nb1 Nfd7 17. Nd2 a5 18.
Nh5 $5 {would be acceptable for White, though I already slightly prefer
Black's position.}) 16... Qb6 17. Kh1 {[%tqu "En","How can Black win
material?","","","g7g5","White can't keep both knights and has to sacrifice
one of them.",5]} g5 $1 {White can't keep both knights and has to sacrifice
one of them.} 18. Qd4 Ncd7 19. Qxb6 (19. Qxb4 gxf4 20. Qd2 Nh5 $19) 19... Nxb6
20. Nc7 (20. Nxd6 gxf4 {is another version of giving a piece, but White's
compensation is insufficient.}) 20... Ra7 21. Nb5 {Unfortunately for Grischuk
it's not a repetition. Black's rook can have squares along the seventh rank.}
Re7 $6 {It's not clear why Topalov gave up the Pd6, when he could defend it.} (
21... Rd7 22. Nxd6 ({Perhaps, he was slightly concerned about} 22. Ne6 {
but, it should be winning for Black after} fxe6 23. dxe6 Re7 24. Nxd6 Bxe6 25.
Rxa6 Rb8) 22... Rxd6 23. e5 Rdd8 $19) 22. Nxd6 gxf4 23. Bxa6 Rd8 24. Bxc8 $6 (
24. Nxc8 Nxc8 25. Ra4 Ra7 26. Bb5 {would be a better chance. The bishop will
be annoying on c6.}) 24... Rxd6 25. Bf5 Nbd7 26. g3 (26. Ra7 Kf8 27. Ra8+ Kg7
28. Ra7 Re5 {and slowly, but surely Black will regroup his pieces and
eventually win.}) 26... fxg3 27. Rg1 $6 {Grischuk insists on opening the
g-file, but it makes the things even worse for him.} (27. hxg3 {should have
been played, at least keeping the structure intact. Here Black's winning task
would be far more difficult.}) 27... Kf8 28. Rxg3 Nc5 $19 {White has no
threats. Meanwhile, the weakening of the f4-square will become apparent very
soon.} 29. Bh3 Re8 30. Rb1 Nh5 31. Rg5 Nf4 {The perfect blockade. The rest is
easy.} 32. Bf1 Ra8 33. Bc4 Ra2 34. Rg4 Rh6 $1 35. h4 (35. Rxf4 Raxh2+ 36. Kg1
Rh1+ $19 {[%csl Rb1]}) 35... Nfd3 36. Rg2 Rxh4+ 37. Kg1 Ra7 38. d6 Rh6 39. Rh2
Rxd6 {Well played by Topalov.} 0-1

[Event "Sinquefield Cup 3rd"]
[Site "Saint Louis"]
[Date "2015.08.27"]
[Round "5"]
[White "Aronian, Levon"]
[Black "Grischuk, Alexander"]
[Result "1/2-1/2"]
[WhiteElo "2765"]
[BlackElo "2771"]
[Annotator "Pavlovic,M"]
[PlyCount "60"]
[EventDate "2015.08.23"]
[EventType "tourn"]
[EventRounds "9"]
[EventCountry "USA"]
[EventCategory "22"]
[SourceTitle "CBM 168"]
[Source "ChessBase"]
[SourceDate "2015.09.14"]
[SourceVersion "1"]
[SourceVersionDate "2015.09.14"]
[SourceQuality "1"]

1. c4 c5 2. Nf3 Nc6 3. e3 Nf6 4. d4 cxd4 5. exd4 d5 6. Nc3 {With a different
move order they transposed to Caro-Kann Panov attack.} Bg4 {Considered as the
most solid for Black.} 7. Bg5 $5 {Rare, played only few times in the past,
that is such rarity in todays chess! A very interesting approach, let's see...}
e6 {Not the only idea at this moment. I will give here few other examples:} (
7... Bxf3 8. gxf3 dxc4 (8... e6 9. cxd5 exd5 10. Qe2+ Qe7 11. Bxf6 gxf6 12.
Qxe7+ Bxe7 13. O-O-O O-O-O 14. Bh3+ Kb8 15. Rhg1 {with some small pressure}) 9.
d5 Ne5 10. f4 Nd3+ 11. Bxd3 cxd3 12. Qxd3 Qa5 13. Bxf6 gxf6 14. O-O-O O-O-O 15.
Kb1 Kb8 16. Qe4 Qc7 17. Rd4 {1-0 (36) Horvath,L (2259)-Balogh,L (2142)
Aggtelek 2005. White has here as well an initiative.}) (7... Ne4 $5 {now White
has two reasonable ways to handle this position:} 8. cxd5 (8. Be3 e6 9. h3 (9.
cxd5 exd5 10. Qb3 Bb4 $1 11. Ne5 Bxc3+ 12. bxc3 Nxe5 13. dxe5 O-O {black is
fine}) 9... Bh5 10. cxd5 exd5 11. Be2 Bb4 12. Rc1 O-O 13. O-O Re8 14. Re1 Rc8 {
1/2-1/2 (64) Brkljaca,A-Nikolac,J Zagreb 1977. Black has good play.}) 8... Nxg5
(8... Nxc3 9. bxc3 Qxd5 10. Qb3 Bxf3 11. gxf3 e6 (11... O-O-O 12. Rb1 Rd7 13.
Rg1 e6 14. Be3 {this type of play is also possible for both sides}) 12. Qxd5
exd5 13. Rb1 b6 14. Bb5 Kd7 15. Kd2 f6 16. Be3 Kc7 17. c4 a6 18. cxd5 axb5 19.
Rhc1 Bd6 20. Rxb5 Rxa2+ 21. Kd3 {1-0 (58) Saveliev,A (2294)-Annenkov,K (2210)
Jyvaskyla FIN 2015. White has the better chances in this endgame.}) 9. dxc6
bxc6 10. Be2 Bxf3 11. Bxf3 Nxf3+ 12. Qxf3 Rc8 13. O-O e6 14. Rac1 Be7 15. Rfd1
O-O 16. b3 Qa5 17. Na4 Rfd8 18. Rc4 {the position is balanced but White has a
bit easier play at least for the moment.}) 8. cxd5 exd5 9. Qe2+ Be6 10. Bxf6
gxf6 {An alternative was possible but it is a bit of computer type of chess to
be honest.} ({so...} 10... Qxf6 $5 11. Nxd5 Qd8 12. Nc3 Nxd4 13. Qe4 (13. Nxd4
Qxd4 14. Rd1 Qb6 15. Qb5+ Qxb5 16. Bxb5+ Ke7 17. O-O Rd8 18. Ne4 Rd5 19. Rxd5
Bxd5 20. Re1 g6 $1 {Black should be fine}) 13... Nxf3+ 14. Qxf3 Qe7 $1 15. Be2
(15. Bb5+ Bd7+ 16. Kf1 O-O-O 17. Bxd7+ Qxd7 18. Rd1 Bd6 19. h4 Kb8 20. g3 Qe6
21. Kg2 Rhe8 {with equal chances}) 15... O-O-O 16. O-O Qf6 $1 {Black reached
decent play.}) 11. Qc2 Qb6 12. a3 {Aronian has an interesting idea in his mind,
the alternative on the other hand doesn't offer much...} (12. Bb5 Bb4 13. Bxc6+
Qxc6 14. O-O Bxc3 15. bxc3 O-O-O 16. Rab1 Kb8 17. Rb3 Rc8 18. Rfb1 Rc7 19. Qd3
Ka8 20. Nd2 h5 21. Nf1 h4 22. Ne3 {with some balanced play.}) 12... O-O-O 13.
Na4 Qc7 14. Bb5 Rg8 $1 {After this move Black is ok.} 15. O-O ({The
intermediate move doesn't help:} 15. Bxc6 Rxg2 $1 {Black has good play.}) 15...
Bh3 16. Nh4 ({In case of} 16. g3 Bxf1 17. Rxf1 a6 18. Bxc6 Qxc6 19. Qxh7 Bxa3 {
White doesn't have enough for the sacrificed exchange.}) 16... Rg4 17. Bxc6
bxc6 18. Qd3 Rxh4 19. gxh3 {White can't be better here.} Qf4 $1 20. Rac1 {
Ambitious play, the alternative was better:} (20. Qa6+ Kb8 21. Qxc6 Rg4+ {
and draw by repetition.}) 20... Kd7 21. Rfe1 Bd6 22. Kf1 Qxd4 23. Qf5+ Kc7 24.
Nc3 Kb7 $2 {Practically giving White chances to escape with a draw.} ({Much
better was} 24... Kb8 $1 25. Ne2 Qe5 26. Qc2 (26. Qxe5 fxe5 {Black is better})
26... Qxh2 $1 {Black wins and that is the difference with 24...Kb7 played in
the game.}) 25. Ne2 $1 Qe5 26. Qc2 Rc4 {Still even at this stage of the game
Grischuk missed a better move:} (26... Rc8 27. Ng3 Qf4 28. Re3 Be5 29. Nf5 Qc4+
30. Qxc4 Rxc4 31. Rxc4 dxc4 32. Re4 Rb8 33. Rxc4 Bxb2 34. a4 Kc7 {still with
some advantage for Black.}) 27. Qb3+ Kc7 28. Rxc4 dxc4 29. Qxc4 Qd5 (29... Qxh2
30. Ng1 $1 Be5 31. Rc1 Qh1 32. f3 $1 Kb8 33. Qxc6 Rg8 34. Qb5+ {draw by
repetition.}) 30. Qxd5 cxd5 1/2-1/2

[Event "FIDE World Cup"]
[Site "Baku"]
[Date "2015.09.18"]
[Round "3.2"]
[White "Eljanov, Pavel"]
[Black "Grischuk, Alexander"]
[Result "1-0"]
[WhiteElo "2717"]
[BlackElo "2771"]
[Annotator "Stohl,I"]
[PlyCount "105"]
[EventDate "2015.09.11"]
[EventType "k.o."]
[EventRounds "7"]
[EventCountry "AZE"]
[SourceTitle "CBM 169"]
[Source "ChessBase"]
[SourceDate "2015.11.10"]
[SourceVersion "1"]
[SourceVersionDate "2015.11.10"]
[SourceQuality "1"]

1. d4 {Svidler,P (2727)-Karjakin,S (2762) FIDE World Cup 2015 (7.3) 0-1 In
this game Grischuk faces one of the most difficult tasks in chess - the
necessity to beat a strong opponent with Black. Although he tried, in this
game Alexander never really got a chance... In Baku in later rounds this
situation arose at least twice (in regular tournament games): In the semifinal
Giri against Svidler played solidly and Peter had no problems securing the
required draw. The only successful one was Karjakin in the final (Game 3)
after he went for an all-out risk in an equal position.} e6 2. Nf3 c5 3. e3 Nf6
4. c4 a6 $5 5. a3 {A cautious move.} ({The more usual continuation is} 5. Nc3 {
, this position subsequently arose between the same opponents in the World
blitz Championship:} d5 6. dxc5 ({Allowing Black to develop his bishop with
tempo, more usual is either} 6. a3 {, or}) (6. cxd5 exd5 7. Be2 Nc6 8. O-O Bd6
9. dxc5 Bxc5 10. b3 O-O 11. Bb2 Ba7 {This leads to a typical isolated queen's
pawn position with mutual chances.}) 6... Bxc5 7. a3 O-O 8. b4 Ba7 9. Bb2 Qe7
10. cxd5 Rd8 11. Bd3 exd5 12. Ne2 Bg4 13. Ned4 Bxd4 14. Bxd4 Nc6 15. Bc5 Qe6
16. Be2 Bxf3 17. Bxf3 d4 18. O-O dxe3 19. Qe2 exf2+ 20. Rxf2 Qxe2 21. Rxe2 Rd7
$11 {/=/+,Eljanov,P (2717)-Grischuk,A (2774) Berlin blitz 2015/ Black has an
extra pawn, which he managed to convert with some help after a long fight.})
5... b6 {The first indication of the tournament situation.} ({The most natural
continuation is} 5... d5 {, here after} 6. dxc5 (6. Nc3 dxc4 7. Bxc4 b5 {
leads to a similar position, only with opposite colours. This line from the
Queens Gambit accepted is satisfactory for Black.}) 6... Bxc5 7. b4 Ba7 8. Bb2
O-O {White can develop his knight differently with} 9. Nbd2 {not obstructing
the long dark diagonal. The problem with these lines for Black is that while
he can equalize, they can lead to rather sterile symmetrical positions -
something Grischuk wants and needs to avoid...} Nc6 10. Bd3 Qe7 11. Qc2 Bd7 12.
Rd1 h6 13. O-O Rac8 14. Qb1 Rfd8 15. Qa1 Be8 16. cxd5 Rxd5 17. Ne4 Nxe4 18.
Bxe4 Rxd1 19. Rxd1 f6 20. Qb1 Rd8 21. Rc1 $14 {/=, Slobodjan,R (2522)-Godena,M
(2496) Arco 2001}) 6. Nc3 cxd4 $6 {Black is in no hurry to develop his bishop
to b7, where it's usually misplaced in Benoni-like positions after a d5
advance.} ({However, instead of giving up the centre, a more flexible choice
would be the immediate} 6... d6 7. Bd3 (7. Be2 Be7 8. O-O O-O 9. b3 Nbd7 10.
Bb2 Re8 11. Rc1 Bb7 12. Rc2 Rc8 13. Re1 Bf8 14. Bf1 Rc7 15. g3 Qa8 16. Bg2 cxd4
$5 {Only now Black releases the central tension - he has prepared strong
queenside counterplay.} 17. exd4 Rec8 18. Nb1 b5 19. Nbd2 Nb6 $15 {Petran,P 
(2395)-Eingorn,V (2610) Austria 1999}) {Perhaps a more promising set-up is}
7... g6 $5 (7... Be7 8. O-O O-O 9. b3 (9. b4 Bb7 10. Qe2 Nbd7 11. Rd1 Re8 12.
Bb2 Bf8 13. Rac1 Rc8 14. h3 $6 (14. bxc5 bxc5 15. d5 $14) 14... e5 $1 15. dxe5
dxe5 16. Bf5 cxb4 17. axb4 Bxb4 18. Na2 Bxf3 19. Qxf3 Bf8 20. Nc3 {Rajkovic,D 
(2495)-Stean,M (2530) Smederevska Palanka 1980} g6 $11 (20... Rxc4 $5)) 9...
Bb7 10. Qe2 Nbd7 11. Bb2 Rc8 12. e4 $5 cxd4 13. Nxd4 Rc7 14. a4 Qa8 15. Rae1
Rfc8 16. Bb1 Bf8 17. f4 d5 18. e5 Bc5 19. Rd1 Ne4 20. Nxe4 dxe4 21. Kh1 Bxd4 (
21... g6 {[%cal Yc5e7,Yd7c5]} 22. Qg4 $5 {[%cal Yf4f5]}) 22. Bxd4 Nc5 23. Qe3
$16 {Moutousis,K (2436)-Aftsoglou,I (2235) Kavala 2006}) 8. O-O Bg7 9. b4 O-O
10. Bb2 cxd4 11. exd4 Bb7 12. Re1 Nbd7 13. Qe2 (13. Rc1 $142 {White doesn't
find an effective plan, loses time and his position collapses surprisingly
quickly.}) 13... Re8 14. Rad1 Qc7 15. Rc1 $6 e5 $1 16. Nd5 Nxd5 17. cxd5 Qd8
18. dxe5 Bxd5 19. Bxa6 Bxf3 20. gxf3 Bxe5 21. Bxe5 Rxe5 22. Qf1 Rh5 $17 {
Bui,V (2411)-Rombaldoni,A (2502) Durban 2014}) 7. exd4 d6 {Although I'm
definitely influenced by Eljanov's impressive play and the final result, this
passive continuation seems inferior.} (7... d5 {seems objectively more in
keeping with the previous move, although even here White should retain some
advantage:} {Black had no problems wahtsoever after the soft} 8. Bg5 (8. cxd5
Nxd5 9. Bd3 (9. Nxd5 $5 Qxd5 10. Bd3 Bb7 11. O-O Be7 12. Re1 $32) 9... Bb7 10.
O-O Be7 11. Ne5 {leads to a well-known Queen's Indian line with the extra
moves a3 and a6; White probably keeps at least a slight pull here.}) (8. Ne5 $5
{is another way to fight for an edge.}) 8... Be7 9. cxd5 Nxd5 10. Bxe7 Nxe7 11.
Bd3 Bb7 12. O-O Nd7 13. Be4 Bxe4 14. Nxe4 O-O 15. Rc1 Nd5 16. Qe2 N7f6 17. Rfd1
Nxe4 18. Qxe4 Rc8 $11 {Segal,A (2375)-Franco Ocampos,Z (2505) Moron 1982}) 8.
Bd3 Be7 9. O-O Nbd7 10. Bf4 (10. b4 {[%cal Yc1b2];Kramnik,V (2791)-Polgar,J 
(2701) Hoogeveen Unive Crown 15th 2011 (2) 1-0 , followed by a fianchetto was
adopted in a similar position by Kramnik; this move-order has the extra merit
of discouraging Black from playing d5.}) 10... Bb7 11. h3 O-O 12. Re1 (12. b4
$1 {is still more accurate.}) 12... Re8 ({Here Black misses his last chance to
play} 12... d5 $5) 13. b4 $1 Bf8 14. Bg5 Qc7 15. Rc1 $14 {[%mdl 32] Black's
position resembles the Hedgehog, but the liberating attempts are either
impossible (b5) ineffective (d5), or weakening (e5). On the other hand,
White's strategy firstly concentrates on the queenside, building up a bind
here.} Rac8 {A natural square for the rook.} (15... Rab8 {[%cal Yb7a8] ,
followed by Ba8 could be intended as prophylaxis against the future a4-a5, but
it enhances the strength of} 16. d5 $1 $36) 16. Nd2 $1 {Eljanov is in no hurry.
} ({He avoids the complications after} 16. d5 h6 (16... exd5 17. Rxe8 Rxe8 18.
Nxd5 Nxd5 19. cxd5 Qb8 20. Nd4 Bxd5 21. Bxa6 Bxg2 22. Bb5 Re5 23. Bf4 Bxh3 24.
Nc6) 17. dxe6 (17. Bh4 exd5 18. Rxe8 Nxe8 19. cxd5 Nef6) 17... Rxe6 18. Be3
Bxf3 19. gxf3 $5 (19. Qxf3 Ne5) 19... Ne5 20. Bf5 Nxc4 $44) 16... Qb8 (16... g6
17. Nb3 Bg7 {is perhaps more to the point, but} 18. Bf1 $14 {retains the pull.}
(18. a4 $5 $14)) 17. Nb3 h6 18. Bh4 Ba8 19. Bf1 Qb7 {[%cal Rc8c4]} 20. f3 Nh5
21. Qd2 Qa7 {Just loses a tempo, as the queen is misplaced here and it invites
White to play the following useful move.} (21... Qb8 $14) 22. Bf2 Qb8 23. Rb1 (
23. d5 $5 e5 (23... Ne5 24. Na4 $16 (24. Nd4 $5)) 24. a4 $16) 23... Be7 24. a4
e5 $6 {To have a chance to win the game Black should undertake some action,
but this has the opposite effect.} (24... Bg5) (24... Qc7 {/\} 25. a5 $6 b5 26.
c5 Red8 $13) 25. d5 {[%csl Ra8] The guy on a8 will be dead meat till the
bitter end.} Bg5 26. Qd1 Qc7 27. a5 $16 bxa5 (27... b5 28. c5 $16 {[%csl Ra8,
Gc5,Gd5][%cal Rf1b5]}) 28. Nxa5 Bf4 (28... f5 {is more to the point, but
doesn't substantially change the evaluation and gives White a choice between
immediate breaks, or quietly piling up the pressure:} 29. Nc6 $5 (29. c5 Nxc5
30. Nc6 $16) (29. Ra1 $16) 29... Bxc6 30. dxc6 Qxc6 31. c5 $1 {/\} dxc5 32.
Bc4+ Kh8 33. b5 $36) 29. Ne2 $5 Bg5 30. h4 Be7 31. g4 {This is still not
direct aggression - the primary goal is to stymie any Black kingside play.}
Nhf6 {A sad, but necessary retreat.} (31... Nf4 32. Nxf4 exf4 33. c5 $1 (33.
Qd4 Ne5 34. Qxf4 Qd8 35. h5 Bg5 $14 {/<=>}) 33... Nxc5 (33... dxc5 $2 34. Rxe7
$1 Rxe7 35. d6 $18) 34. bxc5 (34. Rc1 $5) 34... Qxa5 35. Ra1 $16 {/+-} (35. c6
$16 {/+-})) 32. Ng3 Qd8 (32... g6 33. Qd2 $16 {gives White a useful tempo.})
33. h5 Bf8 {Black loses track, the bishop will return shortly.} ({However,
even the more resilient} 33... Nh7 34. Bd3 $16 ({or} 34. Nf5 $16 {is quite
dreary.})) 34. Bd3 Nh7 35. Bf5 Ng5 36. Kg2 Rc7 37. Ne4 $1 {Exchanging Black's
only active piece.} Be7 (37... Nxe4 38. Bxe4 {[%cal Ya5c6,Yb4b7]}) 38. c5 $1
$18 {The decisive break.} Nxe4 (38... dxc5 39. d6 $18 {wins a piece.}) 39. Bxe4
Nf6 40. c6 {[%csl Ra8][%cal Rf2b6]} Rc8 41. Qd3 {[%csl Ra6][%mdl 128] The
time-control is over and White has an iron grip on the whole position. Eljanov
finishes in style - while Black desperately tries to hold his queenside, he
shifts his attention to the opposite flank and due to his extra piece (the
poor Ba8 is shut out) whips up a swift mating attack.} Nxe4 42. Qxe4 (42. Rxe4
$18) (42. fxe4 $18) 42... Bg5 43. Be3 $5 Bxe3 44. Rxe3 Rf8 {[%cal Yf7f5]} 45.
Qf5 $1 Rb8 46. Nc4 Rb5 47. Rd3 Qc7 48. Nd2 $1 a5 49. Ne4 Rxb4 50. Rxb4 axb4 51.
g5 $40 Qa7 {Black is helpless against the White's kingside powerplay.} ({
A sample line is} 51... Rd8 52. gxh6 gxh6 53. f4 Bxc6 54. dxc6 exf4 (54... Qxc6
55. fxe5 Qc2+ 56. Nf2 $18) 55. Qxf4 Qxc6 56. Rf3 Qb7 57. Kh2 $5 $18 {Although
formally material is still equal, White's attack will finally break thorough.})
52. gxh6 gxh6 53. f4 (53. Nf6+ Kg7 54. f4 $18) (53. f4 f6 (53... Rb8 54. Nf6+
Kf8 55. Nd7+) 54. Rg3+ Kh8 55. Nxf6 {[%cal Rf5g6]} Qf7 56. Rg6 Qh7 57. fxe5 b3
58. Qd7 $1 Qxd7 59. Rxh6+ Kg7 60. Rh7#) 1-0